|
|
|
|
| LEADER |
00870nam a22002412a 4500 |
| 001 |
000960433 |
| 003 |
CZ BrMZK |
| 005 |
20091210152209.0 |
| 007 |
ta |
| 008 |
090812s1962 xo fr|||||||||||slo d |
| 040 |
|
|
|a BOA001
|b cze
|
| 100 |
1 |
|
|a Šanta, Michal
|7 jx20040116006
|4 com
|
| 245 |
1 |
0 |
|a Sprievodca pol'nohospodára /
|c zostavil Michal Šanta a Juraj Pindúr
|
| 250 |
|
|
|a 2., preprac. a dopl. vyd.
|
| 260 |
|
|
|a Bratislava :
|b Slovenské vydavateľstvo pôdohospodárskej literatúry,
|c 1962
|
| 300 |
|
|
|a 508 s.
|
| 490 |
1 |
|
|a Rastlinná výroba ;
|v zv. č. 107
|
| 700 |
1 |
|
|a Pindúr, Juraj
|7 jx20080110047
|4 com
|
| 830 |
|
0 |
|a Rastlinná výroba (Slovenské vydavateľstvo pôdohospodárskej literatúry)
|
| 910 |
|
|
|a BOA001
|b 1-0486.961
|
| 990 |
|
|
|a BK
|
| 991 |
|
|
|b 200908
|
| 996 |
7 |
|
|b 2619443339
|c 1-0486.961
|l MZK
|r Sklad / do 1 hodiny
|n 0
|w 001093476
|u 000010
|a 1
|e BOA001
|j MZK50
|s A
|